| 000 | 00401nam a2200157Ia 4500 | ||
|---|---|---|---|
| 008 | 230711s9999||||xx |||||||||||||| ||und|| | ||
| 041 | _aENG | ||
| 082 |
_a621 _bTI-T |
||
| 100 | _aStephen P.Timoshenko | ||
| 245 | 0 | _aTheory of structures | |
| 250 | _a1st . . . Ed. | ||
| 260 |
_c1965 _aNew York _bTata McGraw Hill Education Limited |
||
| 650 | _aCivil Engineering | ||
| 700 | _aD.H. Young | ||
| 942 | _cBK | ||
| 999 |
_c280 _d280 |
||